000 01123nam a2200289 a 4500
001 000021621
005 20240410073846.0
008 100909s1978 dr ac 010 0bspa d
020 _a844992152X
040 _aDO-SdBNP
_bspa
_cBNPHU
082 _a923.27291
_bM378r, 1978
100 1 _aRodríguez Demorizi, Emilio,
_d1908-1986
_91039
245 1 0 _aMartí en Santo Domingo /
_cEmilio Rodríguez Demorizi.
250 _a2a ed
260 _aBarcelona :
_bGráficas M. Pareja,
_c1978.
300 _a623 p. :
_bil., retrs. ;
_c24 cm.
490 1 _aFundación Rodríguez Demorizi
_v7
500 _aIncluye "Cronología Dominicana de Martí"
500 _aIncluye notas al pie de páginas e índice de personas y lugares.
533 _aFacsímil :
_bLa Habana :
_cUcar García,
_c1953.
600 1 0 _aMartí, José,
_d1853-1895
_9645
651 4 _aCuba
_xHistoria
_y1810-1899
_92159
651 4 _aCuba
_xHistoria
_yGUERRA DE INDEPENDENCIA 1895-1899
_944991
651 0 _aRepública Dominicana --
_xHistoria --
_y1844-1930
_91009
830 0 _aFundación Rodríguez Demorizi
_vvii
_920539
910 _aValidado. Control de calidad EMS
999 _c21120
_d21120